000 005400000a22001690004500
008 230817t ||||| |||| 00| 0 eng d
082 _a305.42
_bWAT
100 _aWaterman, Peter
245 _aHidden form herstory:
_bwomen feminism and the new global solidarity
260 _aGrables:
_bWomen living under Muslim laws,
_c1994
300 _a87 p. ; 30 cm.
_bBibliography included
440 _aOccasional paper
490 _aoccasional paper no.3
650 _aFeminism- International cooperation
650 _aFeminist theory
942 _cBK
999 _c947
_d947